The credit crunch of 2007 (Record no. 107896)
[ view plain ]
| 000 -LEADER | |
|---|---|
| fixed length control field | 00966cad a22002055a 4500 |
| 001 - CONTROL NUMBER | |
| control field | L142489 |
| 008 - FIXED-LENGTH DATA ELEMENTS--GENERAL INFORMATION | |
| fixed length control field | 071026s2008 xxkad f s 000 0 eng d |
| 035 ## - SYSTEM CONTROL NUMBER | |
| System control number | (Sirsi) u142489 |
| 041 0# - LANGUAGE CODE | |
| Language code of text/sound track or separate title | eng |
| 050 04 - LIBRARY OF CONGRESS CALL NUMBER | |
| Classification number | 332.642 $2 18 |
| 100 1# - MAIN ENTRY--PERSONAL NAME | |
| Personal name | Mansour, Asieh |
| 245 #4 - TITLE STATEMENT | |
| Title | The credit crunch of 2007 |
| Remainder of title | opportunities in commercial real estate debt |
| Medium | [electronic resource] |
| 260 ## - PUBLICATION, DISTRIBUTION, ETC. | |
| Place of publication, distribution, etc. | London |
| Name of publisher, distributor, etc. | RREEF |
| Date of publication, distribution, etc. | 2008 |
| 520 ## - SUMMARY, ETC. | |
| Summary, etc. | Examines the consequences of the US subprime crisis. Argues that the commercial real estate capital markets have changed permanently due to the 2007 financial crisis. Broadly assesses current conditions across the financial markets. Assesses the conditions in commercial real estate debt markets, public and private, in depth. |
| 590 ## - LOCAL NOTE (RLIN) | |
| Local note | KA NTK |
| 651 #4 - SUBJECT ADDED ENTRY--GEOGRAPHIC NAME | |
| Geographic name | International |
| 690 ## - LOCAL SUBJECT ADDED ENTRY--TOPICAL TERM (OCLC, RLIN) | |
| Topical term or geographic name as entry element | PROPERTY-PROPERTY FINANCE AND INVESTMENT |
| 856 40 - ELECTRONIC LOCATION AND ACCESS | |
| Uniform Resource Identifier | <a href="https://www.rreef.com">https://www.rreef.com</a> |
| Public note | View this item free of charge under research at: www.rreef.com... |
| 942 ## - ADDED ENTRY ELEMENTS (KOHA) | |
| Suppress in OPAC | 0 |
| Withdrawn status | Lost status | Source of classification or shelving scheme | Damaged status | Not for loan | Home library | Current library | Shelving location | Date acquired | Total Checkouts | Full call number | Barcode | Date last seen | Copy number | Price effective from | Koha item type |
|---|---|---|---|---|---|---|---|---|---|---|---|---|---|---|---|
| Dewey Decimal Classification | Virtual | Virtual | Online | 18/02/2008 | L142489 | 142489-1001 | 06/08/2019 | 1 | 06/08/2019 | Book |